Normal view
MARC view
Entry Corporate Name
001 - CONTROL NUMBER
- control field: 9870
003 - CONTROL NUMBER IDENTIFIER
- control field: dpl
005 - DATE AND TIME OF LATEST TRANSACTION
- control field: 20100810113629.0
008 - FIXED-LENGTH DATA ELEMENTS
- fixed length control field: 100810|||a|||||| | ||| d
040 ## - CATALOGING SOURCE
- Original cataloging agency: dpl
- Transcribing agency: dpl
110 ## - HEADING--CORPORATE NAME
- Corporate name or jurisdiction name as entry element: Ministry of Mines
670 ## - SOURCE DATA FOUND
- Source citation: Work cat.: (dpl): Ministry of Mines, Bulletin of Mining lease & prospecting licences, 2008-
670 ## - SOURCE DATA FOUND
- Source citation: Work cat.: (dpl): Ministry of Mines, Bulletin of Mining lease & prospecting licences, 2008-
